TOEFL @ CBT practice tests
Sparad:
| Materialtyp: | Bok |
|---|---|
| Språk: | Undetermined |
| Publicerad: |
Australia
Peterson's/Thomson Learning
2001
|
| Ämnen: | |
| Taggar: |
Lägg till en tagg
Inga taggar, Lägg till första taggen!
|
| Thư viện lưu trữ: | Trung tâm Học liệu Trường Đại học Cần Thơ |
|---|
| LEADER | 00575nam a2200169Ia 4500 | ||
|---|---|---|---|
| 001 | CTU_120413 | ||
| 008 | 210402s9999 xx 000 0 und d | ||
| 082 | |a 428.0076 | ||
| 082 | |b T641 | ||
| 245 | 0 | |a TOEFL @ CBT practice tests | |
| 260 | |a Australia | ||
| 260 | |b Peterson's/Thomson Learning | ||
| 260 | |c 2001 | ||
| 650 | |a English language,Test of english as a foreign language | ||
| 650 | |x Examinations,Study guides | ||
| 904 | |i M.Loan, Mai chuyển số PL từ 428.34 thành 428.0076 chưa in nhãn | ||
| 980 | |a Trung tâm Học liệu Trường Đại học Cần Thơ | ||